|
|
|
|
| LEADER |
01296nam a2200337 a 4500 |
| 001 |
EBC3116952 |
| 003 |
MiAaPQ |
| 005 |
20200520144314.0 |
| 006 |
m o d | |
| 007 |
cr cn||||||||| |
| 008 |
960814s1997 caua s 000 0 eng |
| 010 |
|
|
|z 96085778
|
| 020 |
|
|
|z 1560523948 (pbk.)
|
| 035 |
|
|
|a (MiAaPQ)EBC3116952
|
| 035 |
|
|
|a (Au-PeEL)EBL3116952
|
| 035 |
|
|
|a (CaPaEBR)ebr10058828
|
| 035 |
|
|
|a (OCoLC)922967043
|
| 040 |
|
|
|a MiAaPQ
|c MiAaPQ
|d MiAaPQ
|
| 050 |
|
4 |
|a HF5383
|b .S77 1997
|
| 082 |
0 |
4 |
|a 808/.06665
|2 21
|
| 100 |
1 |
|
|a Straub, Carrie.
|
| 245 |
1 |
0 |
|a Creating your skills portfolio
|h [electronic resource] :
|b show your accomplishments /
|c Carrie Straub.
|
| 260 |
|
|
|a Menlo Park, Calif. :
|b Crisp Publications ;
|a Lanham, MD :
|b Distribution to the U.S. trade [by] National Book Network,
|c c1997.
|
| 300 |
|
|
|a vi, 71 p. :
|b ill.
|
| 490 |
1 |
|
|a A fifty-minute series book
|
| 533 |
|
|
|a Electronic reproduction. Ann Arbor, MI : ProQuest, 2015. Available via World Wide Web. Access may be limited to ProQuest affiliated libraries.
|
| 650 |
|
0 |
|a Applications for positions.
|
| 655 |
|
4 |
|a Electronic books.
|
| 710 |
2 |
|
|a ProQuest (Firm)
|
| 830 |
|
0 |
|a Fifty-Minute series.
|
| 856 |
4 |
0 |
|u https://ebookcentral.proquest.com/lib/matrademy/detail.action?docID=3116952
|z Click to View
|